000 00838nam a22002657a 4500
001 44920
003 UA-OsUOA
005 20220905102326.0
007 ta
008 20070319b un ||||| |||| 00| 0 ukr d
020 _a9665791532
040 _aUA-OsUOA
_bukr
_cUA-OsUOA
_dUA-OsUOA
041 _aukr
080 _a821.161.2
090 _a821.161.2
_bС79
100 _aСтельмах М.
245 _aВибрані твори у 2-х томах
_bроман
260 _aК.
_bУкраїнський письменник
_c2003
300 _a594 с.
505 _gТ. 1
_tЧотири броди
650 7 _a821 Художня література окремими мовами і мовними сім'ями
_2UDC
942 _cBK
_2udc
955 _a3
999 _c331022
_d331022